The early church / (Record no. 9583)

MARC details
000 -LEADER
fixed length control field 02176cam a2200373Ia 4500
001 - CONTROL NUMBER
control field 30847599
003 - CONTROL NUMBER IDENTIFIER
control field OCoLC
005 - DATE AND TIME OF LATEST TRANSACTION
control field 20241126110715.0
008 - FIXED-LENGTH DATA ELEMENTS--GENERAL INFORMATION
fixed length control field 940729s1993 enk b 001 0 eng d
010 ## -
-- 68092647
020 ## - INTERNATIONAL STANDARD BOOK NUMBER
International Standard Book Number 0140231994
020 ## - INTERNATIONAL STANDARD BOOK NUMBER
International Standard Book Number 9780140231991
035 ## - SYSTEM CONTROL NUMBER
System control number (OCoLC)30847599
Canceled/invalid control number (OCoLC)977909992
-- (OCoLC)1166999497
-- (OCoLC)1201854078
040 ## - CATALOGING SOURCE
Original cataloging agency TSW
Language of cataloging eng
Transcribing agency TSW
Modifying agency OCLCQ
-- BAKER
-- NLGGC
-- CBC
-- UW1
-- E5G
-- OCLCQ
-- YDXCP
-- OCLCA
-- LMR
-- BDX
-- OCLCO
-- OCLCQ
-- OCLCF
-- CFT
-- OCLCQ
-- OCL
-- OCLCQ
-- NZABT
-- CNUTO
-- OCLCQ
-- DHA
-- WW9
-- OCLCQ
-- PAU
-- OCLCQ
-- AU@
-- UKUOY
-- OCLCQ
-- L2U
-- UKEHC
-- OCLCO
-- CIRBC
050 #4 -
-- BR165
-- .C48 1993
082 04 - DEWEY DECIMAL CLASSIFICATION NUMBER
Classification number 270.1
Edition information 20
Item number CHA
086 0# -
-- HIS1010
092 0# - LOCALLY ASSIGNED DEWEY CALL NUMBER (OCLC)
Classification number 270.1
Item number C4325
100 1# - MAIN ENTRY--PERSONAL NAME
Personal name Chadwick, Henry,
Dates associated with a name 1920-2008.
9 (RLIN) 8636
245 14 - TITLE STATEMENT
Title The early church /
Statement of responsibility, etc. Henry Chadwick.
250 ## - EDITION STATEMENT
Edition statement Rev. ed.
260 ## - PUBLICATION, DISTRIBUTION, ETC.
Place of publication, distribution, etc. London ;
-- New York :
Name of publisher, distributor, etc. Penguin Books,
Date of publication, distribution, etc. 1993.
300 ## - PHYSICAL DESCRIPTION
Extent 314 pages ;
Dimensions 19 cm
336 ## - CONTENT TYPE
Content type term text
Content type code txt
Source rdacontent
337 ## - MEDIA TYPE
Media type term unmediated
Media type code n
Source rdamedia
338 ## - CARRIER TYPE
Carrier type term volume
Carrier type code nc
Source rdacarrier
490 1# - SERIES STATEMENT
Series statement Penguin history of the church ;
Volume/sequential designation 1
504 ## - BIBLIOGRAPHY, ETC. NOTE
Bibliography, etc. note Includes bibliographical references and index.
505 0# - FORMATTED CONTENTS NOTE
Formatted contents note From Jerusalem to Rome -- Faith and order -- Expansion and growth -- Justin and Irenaeus -- Easter, the monarchian controversy, and Tertullian -- Clement of Alexandria and Origen -- Church, state and society in the third century -- Constantine and the Council of Nicaea -- The Arian controversy after the council of Nicaea -- The conflict of paganism and Christianity in the fourth century -- Church, state and society from Julian to Theodosius -- The ascetic movement -- The controversy about Origen and the tragedy of John Chrysostom -- The problem of the person of Christ -- The development of Latin Christian thought -- The papacy -- The church and the barbarians -- Worship and art.
520 ## - SUMMARY, ETC.
Summary, etc. The story of emergent Christianity from the apostolic age to the dividing of the ways between the Greek East and the Latin West. --Cover.
650 #0 - SUBJECT ADDED ENTRY--TOPICAL TERM
Topical term or geographic name entry element Church history
Chronological subdivision Primitive and early church, ca. 30-600.
9 (RLIN) 965
830 #0 -
-- Penguin history of the church ;
-- 1.
-- 16652
942 ## - ADDED ENTRY ELEMENTS (KOHA)
Source of classification or shelving scheme Dewey Decimal Classification
Koha item type Books
Koha issues (borrowed), all copies 1
Holdings
Withdrawn status Lost status Source of classification or shelving scheme Damaged status Not for loan Home library Current Library Shelving location Date acquired Total checkouts Full call number Barcode Date last seen Date last checked out Copy number Price effective from Koha item type
    Dewey Decimal Classification     GRACE BIBLE COLLEGE GRACE BIBLE COLLEGE Church History 2023-03-20 5 270.1 CHA 016060 2026-03-16 2026-03-09 c.1 2023-03-20 Books
© Grace Bible College Library 2025